Find the countries with pictures - Statistics

General Stats
  • This quiz has been taken 72 times
    28 since last reset
  • The average score is 12 of 15
Answer Stats
Picture Answer % Correct
Japan
100%
Norway
100%
Cyprus
96%
France
96%
Greece
96%
Belgium
92%
Netherlands
88%
Czech Republic
76%
Syria
76%
Malta
72%
Kazakhstan
68%
Qatar
68%
Morocco
64%
Romania
60%
Yemen
56%
No matching quizzes found
Score Distribution
Percent of People with Each Score
Percentile by Number Answered
Your Score History
You have not taken this quiz since the last reset